000 00637nam a2200241Ia 4500
003 OSt
005 20220918201325.0
006 a|||||r|||| 00| 0
007 ta
008 220917b |||||||| |||| 00| 0 eng d
024 _a93,126
037 _cTextual
040 _aARTS
_cARTS
_beng
041 _2eng
_aeng
082 _aV1:5.N8, M8
100 _aGostin Larry Ed
_998126
245 0 _aCivil liberties in conflict
260 _aLondon
_bRoutledge
_c1986
300 _axi, 215p.
_ccm.
650 _aHUMAN RIGHTS; HISTORY
_94816
942 _hV1:5.N8, M8
_cTEXL
_2CC
999 _c216774
_d216774